Mecánica vectorial para ingenieros
Gardado en:
| Autor Principal: | |
|---|---|
| Outros autores: | , , , |
| Formato: | Libro |
| Idioma: | Spanish |
| Publicado: |
México : McGraw-Hill,
c2005.
|
| Materias: | |
| Etiquetas: |
Engadir etiqueta
Sen Etiquetas, Sexa o primeiro en etiquetar este rexistro!
|
MARC
| LEADER | 00000nam a2200000Ia 4500 | ||
|---|---|---|---|
| 003 | 000131 | ||
| 005 | 20221231144009.0 | ||
| 008 | 140114s2005 mx a 000 ||spa d | ||
| 040 | |c cru CEDI | ||
| 082 | |a 531 B415m7 | ||
| 100 | |a Beer, Ferdinand Pierre, 1915- |9 19828 | ||
| 245 | |a Mecánica vectorial para ingenieros | ||
| 260 | |a México : McGraw-Hill, |c c2005. | ||
| 300 | |a volúmenes : ilustraciones | ||
| 500 | |a Traducción de: Vector mechanics for engineers, 7. ed. | ||
| 501 | |a Contiene: Estática Dinámica | ||
| 650 | |x MECANICA |x ANALISIS VECTORIAL |x MECANICA APLICADA |x PROBLEMAS, EJERCICIOS, ETC. |9 19829 | ||
| 700 | |9 19830 |a Johnston, E. Rusel | ||
| 700 | |9 19831 |a Clausen, William E | ||
| 700 | |9 19832 |a Staab George H | ||
| 700 | |9 19834 |a Nagore Cazares, Gabrie |d Traductor /a | ||
| 942 | |2 ddc |c BK | ||
| 999 | |c 15380 |d 15380 | ||
